Luggage Inspection - Statistics

General Stats
  • This quiz has been taken 12 times
  • The average score is 10 of 22
Answers on the Map
Answers color-coded by a green-red scale on the quiz's map according to % correct below.
 
Answer Stats
Answer % Correct
Good
100%
Good
100%
bad
82%
Good
82%
bad
55%
bad
55%
bad
45%
Good
45%
bad
36%
bad
36%
Good
36%
Good
36%
Good
36%
Good
36%
bad
27%
bad
27%
bad
27%
bad
27%
Good
27%
Good
27%
Good
27%
Good
27%
No matching quizzes found
Score Distribution
Percent of People with Each Score
Percentile by Number Answered
Your Score History
You have not taken this quiz